000 00929nam a2200205Ii 4500
003 JO-AjNU
008 230605s9999||||xx |||||||||||||| ||und||
017 _a1999/3/367
040 _aJO-AjNU
_bara
_erda
_cJO-AjNU
041 _aara
050 1 4 _aKMM313.7.S52 1999
100 3 _aاعداد الشراري، صالح فايز، م.مشارك رباب فالح التل,
_eauthor
_947096
245 0 0 _aموسوعة التشريعات البيئية الأردنية: مشروع جلالة الملك الحسين المعظم في مجال الادارة البيئية، الجزء الثاني
264 3 1 _aعمان: د.ن، 1999
300 _aج2، 637ص
336 _atext
_btxt
_2rdacontent
337 _aunmediated
_bn
_2rdamedia
338 _avolume
_bnc
_2rdacarrier
650 4 _aالبيئة - قوانين وتشريعات - الاردن -حماية البيئة - التربية البيئية -الاردن
_947097
999 _aA20535
_c24103
_d24103